<?xml version="1.0" encoding="UTF-8"?>
<record
    xmlns:xsi="http://www.w3.org/2001/XMLSchema-instance"
    xsi:schemaLocation="http://www.loc.gov/MARC21/slim http://www.loc.gov/standards/marcxml/schema/MARC21slim.xsd"
    xmlns="http://www.loc.gov/MARC21/slim">

  <leader>01193nam a22001937a 4500</leader>
  <controlfield tag="008">141111b        xxu||||| |||| 00| 0 eng d</controlfield>
  <datafield tag="020" ind1=" " ind2=" ">
    <subfield code="a">9781439816806</subfield>
  </datafield>
  <datafield tag="050" ind1=" " ind2=" ">
    <subfield code="a">QA278.A33</subfield>
  </datafield>
  <datafield tag="100" ind1=" " ind2=" ">
    <subfield code="a">Afifi, Abdelmonem.</subfield>
  </datafield>
  <datafield tag="245" ind1=" " ind2=" ">
    <subfield code="a">Practical multivariate analysis. /</subfield>
    <subfield code="c">Abdelmonem Afifi, Susanne May and Virginia A. Clark.</subfield>
  </datafield>
  <datafield tag="250" ind1=" " ind2=" ">
    <subfield code="a">5th ed.</subfield>
  </datafield>
  <datafield tag="260" ind1=" " ind2=" ">
    <subfield code="a">London:</subfield>
    <subfield code="b">C.R.C. Press,</subfield>
    <subfield code="c">2012.</subfield>
  </datafield>
  <datafield tag="300" ind1=" " ind2=" ">
    <subfield code="a">xix, 517p.:</subfield>
    <subfield code="b">ill;</subfield>
    <subfield code="c">24cm.</subfield>
  </datafield>
  <datafield tag="500" ind1=" " ind2=" ">
    <subfield code="a">Includes index</subfield>
  </datafield>
  <datafield tag="505" ind1=" " ind2=" ">
    <subfield code="a">Preparation for analysis: What is multivariate analysis? -- Characterizing data for analysis -- Preparing for data analysis -- Data screening and transformations -- Selecting appropriate analysis -- Applied regression analysis: Simple regression and correlation -- Multiple regression and correlation -- Variable selection in regression -- Special regression topics -- Multivariate analysis: Canonical correlation analysis -- Discriminant analysis -- Logistic regression -- Regression analysis with survival data -- Principal components analysis -- Factor analysis -- Cluster analysis -- Log-linear analysis -- Correlated outcomes regression.</subfield>
  </datafield>
  <datafield tag="700" ind1=" " ind2=" ">
    <subfield code="a">May, Susanne.</subfield>
  </datafield>
  <datafield tag="700" ind1=" " ind2=" ">
    <subfield code="a">Clark, Virginia A.</subfield>
  </datafield>
  <datafield tag="942" ind1=" " ind2=" ">
    <subfield code="2">lcc</subfield>
    <subfield code="c">BK</subfield>
  </datafield>
  <datafield tag="999" ind1=" " ind2=" ">
    <subfield code="c">5259</subfield>
    <subfield code="d">12759</subfield>
  </datafield>
  <datafield tag="952" ind1=" " ind2=" ">
    <subfield code="0">0</subfield>
    <subfield code="1">0</subfield>
    <subfield code="2">lcc</subfield>
    <subfield code="4">0</subfield>
    <subfield code="7">0</subfield>
    <subfield code="a">WIUC-1</subfield>
    <subfield code="b">WIUC-1</subfield>
    <subfield code="c">SPECIAL COLL</subfield>
    <subfield code="d">2014-11-11</subfield>
    <subfield code="l">0</subfield>
    <subfield code="o">QA278.A33</subfield>
    <subfield code="p">7389/418/13</subfield>
    <subfield code="r">2014-11-11 00:00:00</subfield>
    <subfield code="t">1</subfield>
    <subfield code="w">2014-11-11</subfield>
    <subfield code="y">BK</subfield>
  </datafield>
</record>
